01473nam a22001937a 4500003000400000005001700004008004100021020001800062040000700080050001400087100002700101245005900128250003800187260004400225300002500269500005900294505090900353653001701262OSt20220712103913.0140619b xxu||||| |||| 00| 0 eng d a9781408093757 cLC aHB139.W87 qWooldridge, Jeffery M. aIntroduction to econometrics /cJeffrey M. Wooldridge. aEurope, Middle East, & Africa ed. aLondon :bCengage Learning EMEA,c2014. axvii, 603 p.:bill.: aIncludes bibliographic references, glossary and index. aContents: The nature of econometrics and economic data -- The simple regression model -- Multiple regression analysis; estimation -- Multiple regression analysis: inference -- Multiple regression analysis: OLS asymtotics -- Multiple regression analysis: further issues -- Multiple regression analysis with qualitative information: binary (or dummy) variables -- Heteroskedasticity -- More on specification and data issues -- Basic regression analysis with time series data -- Further issues in using OLS with time series data -- Serial correlation and hetoroskedasticity in time series regressions -- Pooling cross sections across time -- Advanced panel data methods -- Instrumental variables estimation an two stage least squares -- Simultaneous equations models -- Limited dependent variable models and sample selection corrections -- Advanced time series topics -- Carrying out an empirical project. aEconometrics